[Event "Titled Tuesday intern op 15th Aug Early"]
[Site "Chess.com INT"]
[Date "2023.08.15"]
[Round "5"]
[White "Buscar, Michael"]
[Black "Plotnikov, Pavel"]
[Result "1-0"]
[WhiteElo "2041"]
[BlackElo "2297"]
[PlyCount "133"]
[EventDate "2023.08.15"]
[EventType "swiss (blitz)"]
[EventRounds "11"]
[EventCountry "USA"]
[SourceTitle "EXT 2024"]
[Source "ChessBase"]
[SourceDate "2023.10.10"]
[SourceVersion "1"]
[SourceVersionDate "2023.10.10"]
[SourceQuality "1"]

1. Nf3 Nf6 2. c4 g6 3. g3 Bg7 4. Bg2 0-0 5. 0-0 d6 6. d3 Nc6 7. Nc3 e5 8. Rb1 Nh5 9. Ne1 f5 10. Nc2 Be6 11. b4 Rb8 12. Nd5 Ne7 13. Bg5 Nf6 14. Nce3 c6 15. Nxf6+ Bxf6 16. Bxf6 Rxf6 17. b5 d5 18. Qa4 f4 19. Nc2 cxb5 20. cxb5 Qb6 21. Qb4 Nf5 22. gxf4 exf4 23. Qxf4 Rbf8 24. Qe5 d4 25. a4 Bd7 26. Nb4 Re8 27. Qd5+ Be6 28. Qxb7 Qd6 29. Qc6 Qe7 30. Nd5 Bxd5 31. Qxd5+ Kg7 32. a5 Nh4 33. Be4 Rd6 34. Qc5 Qf6 35. f4 Rde6 36. Qg5 Qxg5+ 37. fxg5 Re5 38. b6 Rxg5+ 39. Kh1 Rxa5 40. b7 Rb8 41. Rfc1 Nf5 42. Rc7+ Kh6 43. Rc8 Rxb7 44. Bxb7 Nd6 45. Rc7 Re5 46. Bf3 Nf5 47. Rxa7 Rc5 48. Ra2 Rc2 49. Rxc2 Ne3 50. Rcb2 Kg5 51. Kg1 Kh4 52. Kf2 g5 53. Rb4 g4 54. Rxd4 Kh3 55. Rxg4 h5 56. Rg3+ Kh4 57. Rh3+ Kxh3 58. Kxe3 h4 59. Rb4 Kxh2 60. Rxh4+ Kg3 61. Rg4+ Kh2 62. d4 Kh3 63. d5 Kh2 64. d6 Kh3 65. d7 Kh2 66. d8Q Kh3 67. Qh4# 1-0

[Event "Titled Tuesday intern op 09th May Late"]
[Site "Chess.com INT"]
[Date "2023.05.09"]
[Round "2"]
[White "Plotnikov, Pavel"]
[Black "Jelcic, Marko"]
[Result "0-1"]
[WhiteElo "2297"]
[BlackElo "2201"]
[PlyCount "58"]
[EventDate "2023.05.09"]
[EventType "swiss (blitz)"]
[EventRounds "11"]
[EventCountry "USA"]
[SourceTitle "CBM 214 Extra"]
[Source "ChessBase"]
[SourceDate "2023.07.31"]
[SourceVersion "1"]
[SourceVersionDate "2023.07.31"]
[SourceQuality "1"]

1. e4 g6 2. d4 Bg7 3. Nc3 d6 4. Be2 a6 5. h4 h5 6. a4 Nd7 7. Bg5 Ngf6 8. f4 c5 9. e5 cxd4 10. exf6 exf6 11. Qxd4 0-0 12. Qxd6 fxg5 13. hxg5 Qa5 14. Ra3 Nc5 15. Bxh5 Ne4 16. Qd3 Nxc3 17. bxc3 gxh5 18. Rxh5 Bf5 19. Qg3 Rfe8+ 20. Kf1 Rad8 21. Nf3 Rd1+ 22. Kf2 Qc5+ 23. Nd4 Qxa3 24. Nxf5 Qc5+ 25. Nd4 Bxd4+ 26. cxd4 Qxd4+ 27. Kf3 Re3+ 28. Kg4 Qd7+ 29. Kh4 Rh1+ 0-1

[Event "Titled Tuesday intern op 02nd May Late"]
[Site "Chess.com INT"]
[Date "2023.05.02"]
[Round "2"]
[White "Plotnikov, Pavel"]
[Black "Maghsoodloo, Parham"]
[Result "0-1"]
[WhiteElo "2297"]
[BlackElo "2734"]
[PlyCount "60"]
[EventDate "2023.05.02"]
[EventType "swiss (blitz)"]
[EventRounds "11"]
[EventCountry "USA"]
[SourceTitle "EXT 2024"]
[Source "ChessBase"]
[SourceDate "2023.10.10"]
[SourceVersion "1"]
[SourceVersionDate "2023.10.10"]
[SourceQuality "1"]

1. d4 Nf6 2. c4 e6 3. Nc3 Bb4 4. e3 0-0 5. Bd3 d5 6. Nge2 Nbd7 7. a3 Be7 8. cxd5 exd5 9. Qc2 c5 10. Bd2 c4 11. Bf5 g6 12. Bh3 Nb6 13. Bxc8 Nxc8 14. 0-0 Nd6 15. f3 Nf5 16. g4 Ng7 17. Be1 Ne6 18. Bg3 a6 19. Rad1 b5 20. Qc1 Re8 21. e4 dxe4 22. fxe4 Nxg4 23. Nd5 Bg5 24. Qc3 f5 25. Nef4 Bxf4 26. Bxf4 fxe4 27. Nb4 e3 28. Rde1 Nxf4 29. Rxf4 Qg5 30. Nd5 Nf6+ 0-1

[Event "Titled Tuesday intern op 25th Apr Late"]
[Site "Chess.com INT"]
[Date "2023.04.25"]
[Round "1"]
[White "Rodriguez Santiago, Jaime"]
[Black "Plotnikov, Pavel"]
[Result "1-0"]
[WhiteElo "2026"]
[BlackElo "2297"]
[PlyCount "23"]
[EventDate "2023.04.25"]
[EventType "swiss (blitz)"]
[EventRounds "11"]
[EventCountry "USA"]
[SourceTitle "EXT 2024"]
[Source "ChessBase"]
[SourceDate "2023.10.10"]
[SourceVersion "1"]
[SourceVersionDate "2023.10.10"]
[SourceQuality "1"]

1. c4 e6 2. Nf3 b6 3. g3 Bb7 4. Bg2 Nf6 5. 0-0 Be7 6. b3 0-0 7. Bb2 c5 8. e3 Nc6 9. Qe2 d5 10. d3 Rc8 11. Nc3 a6 12. Rad1 1-0

[Event "Titled Tuesday intern op 28th Mar Late"]
[Site "Chess.com INT"]
[Date "2023.03.28"]
[Round "1"]
[White "Michalski, Olaf"]
[Black "Plotnikov, Pavel"]
[Result "0-1"]
[WhiteElo "2273"]
[BlackElo "2297"]
[PlyCount "80"]
[EventDate "2023.03.28"]
[EventType "swiss (blitz)"]
[EventRounds "11"]
[EventCountry "USA"]
[SourceTitle "EXT 2024"]
[Source "ChessBase"]
[SourceDate "2023.10.10"]
[SourceVersion "1"]
[SourceVersionDate "2023.10.10"]
[SourceQuality "1"]

1. d4 e6 2. Nf3 f5 3. g3 Nf6 4. Bg2 d5 5. 0-0 c6 6. Bf4 Be7 7. Nbd2 0-0 8. Ne5 Nbd7 9. Ndf3 Ne4 10. Nxd7 Bxd7 11. Ne5 Be8 12. c3 g5 13. Bc1 Bh5 14. f3 Nd6 15. Qb3 a5 16. a4 Qc7 17. Bd2 b5 18. Rae1 Bg6 19. Nxg6 hxg6 20. e4 Nc4 21. Bc1 f4 22. exd5 exd5 23. axb5 fxg3 24. bxc6 gxh2+ 25. Kh1 Bf6 26. Re6 Kf7 27. Rfe1 Rfe8 28. Rxe8 Rxe8 29. Rxe8 Kxe8 30. Qb7 Kd8 31. Qa8+ Qc8 32. Qa7 Qc7 33. Qa8+ Ke7 34. Qg8 Qxc6 35. Qxg6 Qe6 36. Bxg5 Bxg5 37. Qxg5+ Kd6 38. Kxh2 Nxb2 39. Qf4+ Kc6 40. Bh3 Qd6 0-1

[Event "Titled Tuesday intern op 11th Oct Late"]
[Site "Chess.com INT"]
[Date "2022.10.11"]
[Round "1"]
[White "Plotnikov, Pavel"]
[Black "Floresvillar Gonzalez, Luis Miguel"]
[Result "1-0"]
[WhiteElo "2297"]
[BlackElo "2084"]
[PlyCount "93"]
[EventDate "2022.10.11"]
[EventType "swiss (blitz)"]
[EventRounds "11"]
[EventCountry "USA"]
[SourceTitle "EXT 2024"]
[Source "ChessBase"]
[SourceDate "2023.10.10"]
[SourceVersion "1"]
[SourceVersionDate "2023.10.10"]
[SourceQuality "1"]

1. d4 e6 2. e4 Be7 3. Nc3 d5 4. Nf3 dxe4 5. Nxe4 Nd7 6. Bd3 Ngf6 7. Qe2 Nxe4 8. Bxe4 Nf6 9. Bxb7 Bxb7 10. Qb5+ Qd7 11. Qxb7 0-0 12. 0-0 Rfb8 13. Qa6 Rb6 14. Qd3 Rab8 15. b3 c5 16. Bb2 cxd4 17. Qxd4 Rd6 18. Qf4 Rd8 19. Be5 Rd5 20. c4 Rd3 21. h3 h6 22. Rfe1 Bd6 23. Qh4 Qe7 24. Bxd6 R8xd6 25. Rac1 a5 26. c5 R6d5 27. c6 Qc7 28. Qa4 Rxf3 29. gxf3 Nh5 30. Re4 Rg5+ 31. Rg4 Nf4 32. Rxg5 hxg5 33. Qb5 Nxh3+ 34. Kg2 Nf4+ 35. Kf1 f6 36. a3 Kh7 37. b4 axb4 38. axb4 e5 39. Qc4 Ng6 40. b5 Nh4 41. b6 Qxb6 42. c7 Nxf3 43. Qe4+ g6 44. Qxf3 Qb5+ 45. Kg1 g4 46. Qxf6 Qb2 47. c8Q 1-0

[Event "Titled Tuesday intern op 26th Jul Late"]
[Site "Chess.com INT"]
[Date "2022.07.26"]
[Round "2"]
[White "Plotnikov, Pavel"]
[Black "Kravtsiv, Martyn"]
[Result "1-0"]
[WhiteElo "2297"]
[BlackElo "2598"]
[PlyCount "83"]
[EventDate "2022.07.26"]
[EventType "swiss (blitz)"]
[EventRounds "11"]
[EventCountry "USA"]
[SourceTitle "EXT 2023"]
[Source "ChessBase"]
[SourceDate "2022.10.05"]
[SourceVersion "1"]
[SourceVersionDate "2022.10.05"]
[SourceQuality "1"]

1. e4 e5 2. Nf3 Nc6 3. Nc3 Nf6 4. Be2 Bb4 5. Nd5 Be7 6. Nxe7 Qxe7 7. 0-0 d6 8. d4 Bg4 9. d5 Bxf3 10. Bxf3 Nd4 11. Be3 Nxf3+ 12. Qxf3 h6 13. c4 0-0 14. b4 c6 15. dxc6 bxc6 16. b5 Rfc8 17. a4 Qe6 18. Rfc1 cxb5 19. cxb5 Rc4 20. a5 Nxe4 21. b6 axb6 22. axb6 Qc8 23. Rxa8 Rxc1+ 24. Bxc1 Qxa8 25. h3 Qc6 26. Kh2 d5 27. Qb3 Nd6 28. Ba3 Nb7 29. Qb4 Kh7 30. Qe7 Qxb6 31. Qxf7 Qf6 32. Qxb7 Qxf2 33. Qxd5 Qf4+ 34. g3 Qf2+ 35. Qg2 Qe3 36. Bb2 e4 37. Qc2 Qf3 38. h4 h5 39. Qd2 Kg6 40. Bc1 Kh7 41. Qe3 Qf4 42. Qxf4 1-0

[Event "Titled Tuesday intern op 10th May Early"]
[Site "Chess.com INT"]
[Date "2022.05.10"]
[Round "2"]
[White "Plotnikov, Pavel"]
[Black "Kazarian, Anna Maja"]
[Result "0-1"]
[WhiteElo "2297"]
[BlackElo "2135"]
[PlyCount "106"]
[EventDate "2022.05.10"]
[EventType "swiss (blitz)"]
[EventRounds "11"]
[EventCountry "USA"]
[SourceTitle "CBM 208 Extra"]
[Source "ChessBase"]
[SourceDate "2022.07.31"]
[SourceVersion "1"]
[SourceVersionDate "2022.07.31"]
[SourceQuality "1"]

1. e4 e6 2. d4 d5 3. Nd2 Nf6 4. e5 Nfd7 5. Ngf3 c5 6. c3 Nc6 7. Bd3 Qb6 8. 0-0 cxd4 9. cxd4 Nxd4 10. Nxd4 Qxd4 11. Nf3 Qb6 12. Be3 Bc5 13. Bxc5 Nxc5 14. Bc2 Bd7 15. Qd4 a5 16. Rac1 Rc8 17. a3 a4 18. Qg4 g6 19. Qf4 Bb5 20. Rfd1 h6 21. Qf6 Rg8 22. Qh4 Be2 23. Bxa4+ Kf8 24. Qxh6+ Ke7 25. Qh4+ Kf8 26. Rd2 Bxf3 27. gxf3 Qa5 28. Qb4 Qxb4 29. axb4 Ra8 30. Bd1 Nd7 31. Rc7 Nxe5 32. Rxb7 Kg7 33. Be2 Ra1+ 34. Kg2 Rc8 35. f4 Nc6 36. b5 Nb4 37. b6 Rb1 38. Bb5 Rc2 39. Rxc2 Nxc2 40. Be8 Rxb2 41. Rxf7+ Kh6 42. b7 d4 43. Rd7 d3 44. Rxd3 Ne1+ 45. Kg3 Nxd3 46. f3 Rxb7 47. h4 Rb3 48. Ba4 Rc3 49. Bd7 Ne1 50. Bxe6 Rxf3+ 51. Kg4 Re3 52. Bd5 Nd3 53. Bc4 Nf2# 0-1

[Event "Titled Tuesday intern op 10th May Late"]
[Site "Chess.com INT"]
[Date "2022.05.10"]
[Round "2"]
[White "Plotnikov, Pavel"]
[Black "Pranav, V."]
[Result "1-0"]
[WhiteElo "2297"]
[BlackElo "2481"]
[PlyCount "63"]
[EventDate "2022.05.10"]
[EventType "swiss (blitz)"]
[EventRounds "11"]
[EventCountry "USA"]
[SourceTitle "CBM 208 Extra"]
[Source "ChessBase"]
[SourceDate "2022.07.31"]
[SourceVersion "1"]
[SourceVersionDate "2022.07.31"]
[SourceQuality "1"]

1. e4 e5 2. Nf3 Nf6 3. Nc3 Nc6 4. Be2 g6 5. d4 exd4 6. Nxd4 Bg7 7. Be3 0-0 8. 0-0 d6 9. Nxc6 bxc6 10. f3 Re8 11. Qd2 a5 12. Rad1 Be6 13. Bh6 Qb8 14. Bxg7 Kxg7 15. b3 Qb4 16. a4 Rad8 17. Bd3 d5 18. Qe1 Nd7 19. Ne2 Qb6+ 20. Qf2 Nc5 21. Nd4 Kg8 22. e5 Bc8 23. f4 Nxd3 24. Rxd3 Ba6 25. f5 Bxd3 26. cxd3 Rf8 27. f6 c5 28. Qf4 Kh8 29. Qh6 Rg8 30. Rf3 Qb4 31. Qxh7+ Kxh7 32. Rh3# 1-0

[Event "Titled Tuesday intern op 03rd May Early"]
[Site "Chess.com INT"]
[Date "2022.05.03"]
[Round "6"]
[White "Jobava, Baadur"]
[Black "Plotnikov, Pavel"]
[Result "0-1"]
[WhiteElo "2600"]
[BlackElo "2297"]
[PlyCount "128"]
[EventDate "2022.05.03"]
[EventType "swiss (blitz)"]
[EventRounds "11"]
[EventCountry "USA"]
[SourceTitle "CBM 208 Extra"]
[Source "ChessBase"]
[SourceDate "2022.07.31"]
[SourceVersion "1"]
[SourceVersionDate "2022.07.31"]
[SourceQuality "1"]

1. e4 e5 2. Nf3 Nc6 3. d4 exd4 4. Nxd4 Bc5 5. Nxc6 Qf6 6. Qf3 bxc6 7. Nc3 d6 8. Be3 Qxf3 9. gxf3 Bxe3 10. fxe3 Nf6 11. Rg1 g6 12. 0-0-0 Be6 13. Ne2 c5 14. Nf4 Ke7 15. h4 h5 16. Bh3 Bxh3 17. Nxh3 Nd7 18. Nf4 c6 19. Nd3 Rab8 20. f4 Rhe8 21. c4 Kf6 22. Nf2 Re6 23. Rd3 Ke7 24. Ra3 Rb7 25. Kc2 Nf6 26. Kd3 Rxb2 27. Rxa7+ Kf8 28. Rf1 d5 29. e5 dxc4+ 30. Kxc4 Nd5 31. Nd1 Rb1 32. Kxc5 Nc3 33. Nxc3 Rxf1 34. Ne4 Rc1+ 35. Kd4 Rh1 36. Ng5 Re7 37. Nh7+ Ke8 38. Nf6+ Kd8 39. Ra8+ Kc7 40. a4 Rxh4 41. Ra7+ Kd8 42. Ra6 Kc7 43. Kc5 Rh1 44. Rxc6+ Kb7 45. Rb6+ Ka7 46. a5 Rc1+ 47. Kd6 Re6+ 48. Kd7 Rxb6 49. axb6+ Kxb6 50. Ke7 h4 51. Kxf7 h3 52. e6 h2 53. e7 Rc8 54. e8Q Rxe8 55. Nxe8 h1Q 56. Nf6 Qf3 57. e4 Kc6 58. e5 Qxf4 59. e6 Qc4 60. Ne8 g5 61. Ng7 g4 62. Kf6 g3 63. e7 Qf4+ 64. Nf5 Kd7 0-1

[Event "Titled Tuesday intern op 03rd May Early"]
[Site "Chess.com INT"]
[Date "2022.05.03"]
[Round "3"]
[White "Molina, Roberto Junio Brito"]
[Black "Plotnikov, Pavel"]
[Result "0-1"]
[WhiteElo "2400"]
[BlackElo "2297"]
[PlyCount "120"]
[EventDate "2022.05.03"]
[EventType "swiss (blitz)"]
[EventRounds "11"]
[EventCountry "USA"]
[SourceTitle "CBM 208 Extra"]
[Source "ChessBase"]
[SourceDate "2022.07.31"]
[SourceVersion "1"]
[SourceVersionDate "2022.07.31"]
[SourceQuality "1"]

1. d4 Nf6 2. Nf3 g6 3. e3 Bg7 4. Be2 0-0 5. 0-0 d6 6. b3 b6 7. c4 Bb7 8. Bb2 Nbd7 9. d5 e5 10. Nc3 Ne8 11. Qc2 f5 12. Rae1 h6 13. Nd2 Nef6 14. f4 a5 15. a3 Qe7 16. Kh1 Rae8 17. b4 axb4 18. axb4 c5 19. dxc6 Bxc6 20. Bf3 e4 21. Be2 Nh7 22. Nb3 g5 23. Nd4 Bxd4 24. exd4 gxf4 25. Rxf4 Qg5 26. Ref1 Re7 27. d5 Bb7 28. Nb5 Qg6 29. Qc3 Ne5 30. Nd4 Rg7 31. g3 Bc8 32. Qe3 Bd7 33. Rh4 Ng5 34. Bh5 Qf6 35. Be2 Qg6 36. Bc3 Rc8 37. Nb3 Re7 38. Nd2 Rf8 39. Bd4 Ng4 40. Qf4 e3 41. Nf3 Re4 42. Rxh6 Qxh6 43. Qxg5+ Qxg5 44. Nxg5 Rxd4 45. Kg2 Rd2 46. Kf3 Nxh2+ 47. Kxe3 Nxf1+ 48. Bxf1 Rb2 49. b5 Rc8 50. Bd3 Kg7 51. Kd4 Kf6 52. Nh3 Rg2 53. Nf4 Rg1 54. Ne2 Re1 55. Nf4 Rg8 56. Be2 Rxe2 57. Nxe2 Rg4+ 58. Ke3 Rxc4 59. Nd4 Rc5 60. Kf4 Rxd5 0-1

[Event "Titled Tuesday intern op 03rd May Early"]
[Site "Chess.com INT"]
[Date "2022.05.03"]
[Round "1"]
[White "Plotnikov, Pavel"]
[Black "Rasulov, Vugar Ural Oglu"]
[Result "0-1"]
[WhiteElo "2297"]
[BlackElo "2445"]
[PlyCount "110"]
[EventDate "2022.05.03"]
[EventType "swiss (blitz)"]
[EventRounds "11"]
[EventCountry "USA"]
[SourceTitle "CBM 208 Extra"]
[Source "ChessBase"]
[SourceDate "2022.07.31"]
[SourceVersion "1"]
[SourceVersionDate "2022.07.31"]
[SourceQuality "1"]

1. e4 c5 2. Nf3 d6 3. d4 cxd4 4. Nxd4 Nf6 5. Nc3 Nc6 6. Bg5 e6 7. Qd2 a6 8. 0-0-0 Be7 9. f3 0-0 10. g4 Nxd4 11. Qxd4 Qa5 12. Be3 b5 13. Kb1 b4 14. Ne2 e5 15. Qd2 Be6 16. b3 Rfd8 17. g5 Nh5 18. f4 d5 19. Bg2 dxe4 20. Qc1 exf4 21. Nxf4 Nxf4 22. Bxf4 Bf5 23. Qe3 Bc5 24. Qe2 Qb5 25. Qxb5 axb5 26. Bc7 Rdc8 27. Bd6 g6 28. Rhe1 Bf2 29. Re2 e3 30. Bxa8 Bg4 31. Rxf2 Bxd1 32. Rf1 e2 33. Re1 Rxa8 34. Bxb4 Rc8 35. c3 f5 36. Kc1 f4 37. Kd2 Rd8+ 38. Kc1 f3 39. Bc5 Rc8 40. Bd4 Rxc3+ 41. Bxc3 f2 42. Kd2 f1Q 43. Rxf1 exf1Q 44. Bf6 Qe2+ 45. Kc3 Qxa2 46. Kb4 Qxb3+ 47. Kc5 Qc4+ 48. Kd6 Kf7 49. Bg7 b4 50. h4 b3 51. h5 Bxh5 52. Bh6 b2 53. Ke5 b1Q 54. Kd6 Qbd3+ 55. Ke5 Qce4# 0-1

[Event "Titled Tuesday intern op 12th Apr Early"]
[Site "Chess.com INT"]
[Date "2022.04.12"]
[Round "5"]
[White "Molina, Roberto Junio Brito"]
[Black "Plotnikov, Pavel"]
[Result "1-0"]
[WhiteElo "2400"]
[BlackElo "2297"]
[PlyCount "141"]
[EventDate "2022.04.12"]
[EventType "swiss (blitz)"]
[EventRounds "11"]
[EventCountry "USA"]
[SourceTitle "CBM 207 Extra"]
[Source "ChessBase"]
[SourceDate "2022.05.31"]
[SourceVersion "1"]
[SourceVersionDate "2022.05.31"]
[SourceQuality "1"]

1. d4 f6 2. e4 Nc6 3. d5 Ne5 4. f4 Nf7 5. Nf3 e6 6. c4 Bc5 7. Nc3 Ne7 8. Na4 Bb4+ 9. Bd2 Bxd2+ 10. Qxd2 0-0 11. Bd3 d6 12. 0-0 c6 13. dxe6 Bxe6 14. Nd4 Bd7 15. Nc3 Qb6 16. Qf2 Rae8 17. Rae1 Ng6 18. Na4 Qa5 19. Nc3 Qb6 20. Nb3 Qxf2+ 21. Rxf2 f5 22. g3 fxe4 23. Bxe4 d5 24. cxd5 cxd5 25. Nxd5 Nd6 26. Rfe2 Bc6 27. Bxg6 Rxe2 28. Rxe2 Bxd5 29. Bd3 Rc8 30. Kf2 g6 31. Ke3 Kf7 32. Kd4 Bc6 33. Nc5 Rd8 34. Kc3 a6 35. b4 Rc8 36. Kb2 Bd5 37. Rd2 b6 38. Bxa6 bxc5 39. Rxd5 Ke6 40. Rxd6+ Kxd6 41. Bxc8 cxb4 42. Kb3 Kc5 43. Be6 h6 44. Bg8 g5 45. fxg5 hxg5 46. h4 gxh4 47. gxh4 Kd4 48. Kxb4 Ke5 49. h5 Kf6 50. Bh7 Kg7 51. Bg6 Kh8 52. Kb5 Kg7 53. Kb6 Kh6 54. Kb7 Kg7 55. a4 Kh6 56. a5 Kg7 57. a6 Kh6 58. a7 Kg7 59. Kb8 Kh6 60. a8Q Kg7 61. Qg2 Kh6 62. Kc7 Kg7 63. Kd6 Kh6 64. Ke5 Kg7 65. Kf5 Kh6 66. Kg4 Kg7 67. Kg5 Kg8 68. h6 Kh8 69. Qb7 Kg8 70. Qh7+ Kf8 71. Bc2 1-0

[Event "Titled Tuesday intern op 12th Apr Late"]
[Site "Chess.com INT"]
[Date "2022.04.12"]
[Round "1"]
[White "Plotnikov, Pavel"]
[Black "Naroditsky, Daniel"]
[Result "0-1"]
[WhiteElo "2297"]
[BlackElo "2616"]
[PlyCount "108"]
[EventDate "2022.04.12"]
[EventType "swiss (blitz)"]
[EventRounds "11"]
[EventCountry "USA"]
[SourceTitle "CBM 207 Extra"]
[Source "ChessBase"]
[SourceDate "2022.05.31"]
[SourceVersion "1"]
[SourceVersionDate "2022.05.31"]
[SourceQuality "1"]

1. e4 c5 2. c3 d5 3. exd5 Nf6 4. d4 cxd4 5. cxd4 Nxd5 6. Nf3 Nc6 7. Bc4 e6 8. Nc3 Nxc3 9. bxc3 Be7 10. 0-0 0-0 11. Qe2 b6 12. Rd1 Bb7 13. Bf4 Na5 14. Bd3 Rc8 15. Rac1 Qd5 16. c4 Qh5 17. d5 Ba3 18. Rc2 exd5 19. cxd5 Bxd5 20. Rxc8 Rxc8 21. Bxh7+ Qxh7 22. Rxd5 Qb1+ 23. Rd1 Qf5 24. g3 Bf8 25. Qe5 Qxe5 26. Nxe5 f6 27. Ng6 Bc5 28. h4 Nc6 29. Rd7 a5 30. h5 Nd4 31. h6 gxh6 32. Bd6 Nf5 33. g4 Bxd6 34. gxf5 Bc5 35. Kg2 Re8 36. Kf3 a4 37. Kg4 Bxf2 38. Kh5 Be3 39. Ne7+ Kf8 40. Ng6+ Kg8 41. Ne7+ Kf8 42. Nd5 Bg5 43. Kg6 Rc8 44. Rf7+ Ke8 45. Re7+ Kd8 46. Kf7 Rc2 47. Nxb6 Rc7 48. Rxc7 Kxc7 49. Nxa4 h5 50. Nb2 h4 51. Nd3 Be3 52. Ne1 h3 53. Nf3 Bd4 54. Ke6 Be5 0-1

[Event "Titled Tuesday intern op 22 Mar Late"]
[Site "Chess.com INT"]
[Date "2022.03.22"]
[Round "1"]
[White "Plotnikov, Pavel"]
[Black "Demchenko, Anton"]
[Result "1-0"]
[WhiteElo "2297"]
[BlackElo "2654"]
[PlyCount "115"]
[EventDate "2022.03.22"]
[EventType "swiss (blitz)"]
[EventRounds "11"]
[EventCountry "USA"]
[SourceTitle "CBM 207 Extra"]
[Source "ChessBase"]
[SourceDate "2022.05.31"]
[SourceVersion "1"]
[SourceVersionDate "2022.05.31"]
[SourceQuality "1"]

1. e4 e5 2. Nf3 Nc6 3. Bb5 a6 4. Ba4 Nf6 5. 0-0 Be7 6. Re1 b5 7. Bb3 d6 8. c3 0-0 9. h3 h6 10. a4 Bd7 11. Bc2 Re8 12. d3 Bf8 13. Nbd2 b4 14. Nf1 Rb8 15. Ne3 Qc8 16. Nd5 Nxd5 17. exd5 Ne7 18. c4 f5 19. b3 g6 20. Bb2 Bg7 21. Qd2 g5 22. h4 g4 23. Nh2 Ng6 24. g3 c5 25. dxc6 Bxc6 26. d4 e4 27. Nf1 Qd7 28. Rad1 Qf7 29. Ne3 h5 30. Ng2 d5 31. Qg5 dxc4 32. bxc4 b3 33. Bb1 f4 34. gxf4 Ne7 35. d5 Bxa4 36. f5 Nxf5 37. Nf4 Nxh4 38. Re3 Nf3+ 39. Rxf3 exf3 40. Nxh5 Re2 41. Bxg7 g3 42. Bf6+ Kf8 43. Qh6+ Ke8 44. Bg6 gxf2+ 45. Kf1 Re1+ 46. Rxe1+ fxe1Q+ 47. Kxe1 b2 48. Bxf7+ Kd7 49. Be6+ Kc7 50. Be5+ Kb6 51. Bd4+ Ka5 52. Bc3+ Kb6 53. Bxb2 Kc5 54. Qe3+ Kxc4 55. d6+ Kb4 56. Qc3+ Kb5 57. Bd7+ Kb6 58. Qd4+ 1-0

[Event "Titled Tuesday intern op 22 Mar Late"]
[Site "Chess.com INT"]
[Date "2022.03.22"]
[Round "6"]
[White "Plotnikov, Pavel"]
[Black "Rozman, Levy"]
[Result "0-1"]
[WhiteElo "2297"]
[BlackElo "2334"]
[PlyCount "66"]
[EventDate "2022.03.22"]
[EventType "swiss (blitz)"]
[EventRounds "11"]
[EventCountry "USA"]
[SourceTitle "CBM 207 Extra"]
[Source "ChessBase"]
[SourceDate "2022.05.31"]
[SourceVersion "1"]
[SourceVersionDate "2022.05.31"]
[SourceQuality "1"]

1. e4 d5 2. exd5 Nf6 3. d4 Bg4 4. Be2 Bxe2 5. Nxe2 Qxd5 6. 0-0 Nc6 7. Be3 0-0-0 8. Nd2 Ng4 9. h3 Nxe3 10. fxe3 Qg5 11. Rf3 e5 12. c3 f5 13. Qf1 g6 14. Nc4 e4 15. Rf4 Qe7 16. a4 Bh6 17. Rf2 Qe6 18. Nf4 Qf6 19. b4 Ne7 20. Qe2 g5 21. Nh5 Qe6 22. g4 Rhf8 23. Ne5 Kb8 24. Raf1 f4 25. exf4 gxf4 26. Nxf4 Bxf4 27. Rxf4 Rxf4 28. Rxf4 Nd5 29. Qxe4 Nxf4 30. Qxf4 Qb3 31. Nd7+ Kc8 32. Nc5 Qxc3 33. Ne6 Qe1+ 0-1

[Event "Titled Tuesday intern op 15 Mar Late"]
[Site "Chess.com INT"]
[Date "2022.03.15"]
[Round "5"]
[White "Plotnikov, Pavel"]
[Black "Arabidze, Meri"]
[Result "0-1"]
[WhiteElo "2297"]
[BlackElo "2432"]
[PlyCount "96"]
[EventDate "2022.03.15"]
[EventType "swiss (blitz)"]
[EventRounds "11"]
[EventCountry "USA"]
[SourceTitle "CBM 207 Extra"]
[Source "ChessBase"]
[SourceDate "2022.05.31"]
[SourceVersion "1"]
[SourceVersionDate "2022.05.31"]
[SourceQuality "1"]

1. e4 c5 2. c3 e6 3. d4 d5 4. exd5 exd5 5. Nf3 Nc6 6. Be2 Bd6 7. 0-0 Nge7 8. dxc5 Bxc5 9. Nbd2 0-0 10. Nb3 Bd6 11. Nbd4 a6 12. Re1 Bc7 13. Bg5 f6 14. Bh4 Ne5 15. Bg3 N7g6 16. Bd3 Bg4 17. h3 Nxf3+ 18. Nxf3 Bxg3 19. hxg4 Qb6 20. Nd4 Be5 21. Bxg6 hxg6 22. Qd2 g5 23. Rad1 Rad8 24. g3 Rfe8 25. Kg2 Bxd4 26. Qxd4 Qxd4 27. Rxe8+ Rxe8 28. Rxd4 Re2 29. Rb4 b5 30. Kf3 Rc2 31. Ke3 Kf7 32. a4 bxa4 33. Rxa4 Rxb2 34. Rxa6 Rc2 35. Rc6 d4+ 36. Kxd4 Rxf2 37. Ke4 g6 38. Rd6 Ke7 39. Rd3 Ke6 40. c4 Rc2 41. Kd4 f5 42. c5 f4 43. Rf3 Rg2 44. gxf4 Rxg4 45. Ke4 Rh4 46. Ke3 g4 47. Rf2 Kd5 48. Rc2 Rh3+ 0-1

[Event "Titled Tuesday intern op 15 Mar Late"]
[Site "Chess.com INT"]
[Date "2022.03.15"]
[Round "1"]
[White "Plotnikov, Pavel"]
[Black "Van Foreest, Jorden"]
[Result "1-0"]
[WhiteElo "2297"]
[BlackElo "2714"]
[PlyCount "141"]
[EventDate "2022.03.15"]
[EventType "swiss (blitz)"]
[EventRounds "11"]
[EventCountry "USA"]
[SourceTitle "CBM 207 Extra"]
[Source "ChessBase"]
[SourceDate "2022.05.31"]
[SourceVersion "1"]
[SourceVersionDate "2022.05.31"]
[SourceQuality "1"]

1. e4 c6 2. d4 d5 3. exd5 cxd5 4. Bd3 Nc6 5. c3 Nf6 6. Bf4 Bg4 7. Qb3 Qd7 8. Nd2 e6 9. Ngf3 Bd6 10. Bxd6 Qxd6 11. 0-0 0-0 12. Rae1 Rab8 13. a4 Qc7 14. Ne5 Bh5 15. f4 Bg6 16. Nxg6 hxg6 17. Rf3 a6 18. Ree3 b5 19. axb5 axb5 20. Qd1 b4 21. Qe1 bxc3 22. bxc3 Rb2 23. Nf1 Ra8 24. Qh4 Ra1 25. Rh3 Kf8 26. Qh8+ Ke7 27. Qxg7 Nh5 28. Bxg6 Qxf4 29. Ref3 Nd8 30. Bxh5 Qe4 31. Bxf7 Kd6 32. Be8 Rb7 33. Qg3+ e5 34. Rf6+ Ne6 35. Rxe6+ Kxe6 36. Rh6+ Ke7 37. Qg7+ Kd8 38. Rd6+ Kc8 39. Bd7+ Kb8 40. Qxe5 Ka7 41. Qxe4 dxe4 42. Bg4 e3 43. Re6 Rbb1 44. Be2 Re1 45. Rxe3 Ra2 46. Kf2 Rc1 47. h4 Rb1 48. h5 Rb7 49. Ng3 Rf7+ 50. Rf3 Rh7 51. Rf5 Kb6 52. c4 Kc7 53. c5 Rd2 54. d5 Kd7 55. Ke3 Rb2 56. d6 Ke6 57. Rg5 Kd7 58. Ne4 Rb3+ 59. Kf4 Kc6 60. Bf3 Kb5 61. Rd5 Rf7+ 62. Kg3 Rg7+ 63. Kf2 Rb2+ 64. Kg1 Rb1+ 65. Kh2 Kc6 66. Rd3 Kd7 67. Nf6+ Ke6 68. Ng4 Rg5 69. h6 Rh5+ 70. Kg3 Rc1 71. d7 1-0